One, Two...Not Three II Quiz Stats

 Plays Quiz Updated Nov 1, 2017

Challenge
Share
Tweet
Embed
Score 0/45 Timer 15:00
8 Plays Today
% Correct
Breakfast Staples
94.2%
Cartoon Felines
87.8%
Benedicts
85.3%
Army Ranks
85.2%
Body Parts
85.1%
1999 Films
83.8%
Lengths
83.5%
Cruise Lines
80%
Pre-Lenten Celebrations
79.9%
Ways to Stay Cool
79.5%
Countries
78.7%
DC Comics: '-man'
77.6%
Traffic Circles
77.4%
Currents
76.9%
Things Found in the Ocean
75.2%
Salads
75.1%
Alcoholic Drinks
74.1%
Sri Lankan Cities
72.1%
Forms of Punishment
72.1%
Three-Letter Words
71.8%
African Empires
71.4%
Famous 'James'es
71.2%
1971 Songs
69.5%
% Correct
NATO Phonetic Letters
69.2%
Tuesdays
69.1%
Places Named for Columbus
68.2%
Flowers
67.9%
17th Century English Philosophers
67.6%
Gulfs
67.2%
Religious Symbols
65.7%
Telephones
62.3%
Musical Notations
61.7%
Cat Breeds
60.3%
Famous Parkers
59.9%
Church Building Terms
58.8%
Games
57.7%
Kinds of City
56.7%
1971 Top 400 Baby Names
54.6%
Tigers
53.8%
American Catholic Cathedrals
50.3%
Synonyms for 'Diminish'
50%
Sporcle Geography Memes
49.2%
Occupations
48.5%
Editors
46.6%
Corals
45.2%

You're not logged in!

Compare scores with friends on all Sporcle quizzes.
Join for Free
OR
Log In

You Might Also Like...

Show Comments

Extras

Top Quizzes Today


Score Distribution

Your Account Isn't Verified!

In order to create a playlist on Sporcle, you need to verify the email address you used during registration. Go to your Sporcle Settings to finish the process.

Report this User

Report this user for behavior that violates our Community Guidelines.

Details: